Introduction to mathematical fluid dynamics / (Record no. 8692)

MARC details
000 -LEADER
fixed length control field 01321cam a2200313 a 4500
001 - CONTROL NUMBER
control field 14620572
003 - CONTROL NUMBER IDENTIFIER
control field OSt
005 - DATE AND TIME OF LATEST TRANSACTION
control field 20240621115846.0
008 - FIXED-LENGTH DATA ELEMENTS--GENERAL INFORMATION
fixed length control field 061102r20071971nyua b 001 0 eng
010 ## - LIBRARY OF CONGRESS CONTROL NUMBER
LC control number 2006047008
020 ## - INTERNATIONAL STANDARD BOOK NUMBER
International Standard Book Number 0486458873 (pbk.)
020 ## - INTERNATIONAL STANDARD BOOK NUMBER
International Standard Book Number 9780486458878 (pbk.)
035 ## - SYSTEM CONTROL NUMBER
System control number (OCoLC)ocm75088026
035 ## - SYSTEM CONTROL NUMBER
System control number (OCoLC)75088026
040 ## - CATALOGING SOURCE
Original cataloging agency DLC
Transcribing agency MUST
Modifying agency YDX
-- BAKER
-- BTCTA
-- YDXCP
-- DLC
082 00 - DEWEY DECIMAL CLASSIFICATION NUMBER
Classification number 532.05 MEY 1999
100 1# - MAIN ENTRY--PERSONAL NAME
Personal name Meyer, Richard E.,
Dates associated with a name 1919-
9 (RLIN) 17573
245 10 - TITLE STATEMENT
Title Introduction to mathematical fluid dynamics /
Statement of responsibility, etc. Richard E. Meyer.
250 ## - EDITION STATEMENT
Edition statement Dpver ed.
260 ## - PUBLICATION, DISTRIBUTION, ETC. (IMPRINT)
Place of publication, distribution, etc. Mineola, N.Y. :
Name of publisher, distributor, etc. Dover Publications,
Date of publication, distribution, etc. 1999.
300 ## - PHYSICAL DESCRIPTION
Extent vi, 184 p. :
Other physical details ill. ;
Dimensions 22 cm.
500 ## - GENERAL NOTE
General note "This Dover edition, first published in 2007, is an unabridged republication of the 1982 Dover reprint of the work originally published in 1971 by John Wiley & Sons, Inc., New York"--T.p. verso.
504 ## - BIBLIOGRAPHY, ETC. NOTE
Bibliography, etc Includes bibliographical references (p. 175-177) and index.
650 #0 - SUBJECT ADDED ENTRY--TOPICAL TERM
Topical term or geographic name as entry element Fluid dynamics.
9 (RLIN) 4940
856 42 - ELECTRONIC LOCATION AND ACCESS
Materials specified Publisher description
Uniform Resource Identifier http://www.loc.gov/catdir/enhancements/fy0705/2006047008-d.html
906 ## - LOCAL DATA ELEMENT F, LDF (RLIN)
a 7
b cbc
c orignew
d 1
e ocip
f 20
g y-gencatlg
942 ## - ADDED ENTRY ELEMENTS (KOHA)
Source of classification or shelving scheme Dewey Decimal Classification
Koha item type Open Shelf
Holdings
Withdrawn status Lost status Source of classification or shelving scheme Damaged status Not for loan Home library Current library Date acquired Source of acquisition Inventory number Total Checkouts Full call number Barcode Date last seen Price effective from Koha item type
    Dewey Decimal Classification     MUST Main Library MUST Main Library 21/06/2024 Purchase 2008/29747   532.05 MEY 1999 2024-20990 21/06/2024 21/06/2024 Open Shelf